000 00923 a2200205 4500
001 41082
005 20260407155704.0
008 260407a1970 arg spa d
003 AR-UNSa-BCEJYS
040 _aAR-UNSa-BCEJYS
_bspa
_cAR-UNSa-BCEJYS
080 _a94:33
_xHistoria económica
245 1 0 _aEnsayos sobre la historia económica argentina
264 1 _aBuenos Aires :
_bAmorrortu Editores
_c1970
300 _a454 p.
_c23 cm.
505 _a1. La economía argentina anterior a 1930 - 2. La economía argentina posterior a 1930 - 3. El sector rural - 4. Etapas de la industrialización argentina - 5. Aranceles aduaneros: 1906-1940 - 6. Precios relativos, industrialización y formación de capital - 7. Los ciclos de marchas y contramarchas y la inflación durante el período de posguerra.
041 _aspa
942 _cBK
590 _aniveau_biblio:m niveau_hierar:0
100 1 _aDíaz Alejandro, Carlos F.
999 _c3350
_d3350